Digital System Design Using VHDL (Record no. 300996)

MARC details
000 -LEADER
fixed length control field 00426nam a2200157Ia 4500
008 - FIXED-LENGTH DATA ELEMENTS--GENERAL INFORMATION
fixed length control field 230718s9999 xx 000 0 und d
041 ## - LANGUAGE CODE
Language code of text/sound track or separate title eng
082 ## - DEWEY DECIMAL CLASSIFICATION NUMBER
Classification number 621.39'2
Item number ROT
100 ## - MAIN ENTRY--PERSONAL NAME
Personal name Roth C.H.
245 ## - TITLE STATEMENT
Title Digital System Design Using VHDL
260 ## - PUBLICATION, DISTRIBUTION, ETC. (IMPRINT)
Date of publication, distribution, etc. 1997
Name of publisher, distributor, etc. Brooks/Cole Publishing Comp.
300 ## - PHYSICAL DESCRIPTION
Extent 470
Accompanying material [OBSOLETE, CAN/MARC] Ref 590 E (11821)
365 ## - TRADE PRICE
Currency code Rs.
Price amount 338.00
700 ## - ADDED ENTRY--PERSONAL NAME
Personal name Roth C.H.
906 ## - LOCAL DATA ELEMENT F, LDF (RLIN)
d B:999703-Jan-2001
c ETC
b 50.7
Holdings
Withdrawn status Lost status Damaged status Not for loan Home library Current library Date acquired Vendor Budget Code Cost, normal purchase price Bill number Total Checkouts Full call number Barcode Date last seen Date last checked out Discount Cost, replacement price Bill Date Koha item type Original Barcode
        Cummins College of Engineering for Women Pune Cummins College of Engineering for Women Pune 18/01/2001 Pradeep Book Distributors ETC 287.30 9997 1 621.39'2 CCEP-BK-12202 13/12/2023 30/11/2023 50.7 338.00 03/01/2001 Books 012202